00629nam a2200193Ia 4500008004100000020001500041082001600056100002600072245002900098250000700127260004100134300003000175500001900205600002100224650005000245942000700295952011800302999001500420240925s9999 xx 000 0 und d a8176560316 a005.133 PET aPetroutsos, Evangelos 0aMastering Visual Basic 6 aNA aNew Jersey:bPrintice- Hall Int.cNA axxv,1273p.bNAfPhotocopy aIncludes Index aComputer Science aComputer science, information & general works cBK 001040708CSaUITUbUITUd2003-01-30eF.B.Cg165.00l0o005.133 PETpQ4910r2024-09-25 07:13:40w2024-09-25yBK c7409d7409